Experiments in organic chemistry (Record no. 42914)

MARC details
000 -LEADER
fixed length control field 00687nam a2200181 a 4500
008 - FIXED-LENGTH DATA ELEMENTS--GENERAL INFORMATION
fixed length control field 060316s1971 ||||||||||||||||| || u
020 ## - INTERNATIONAL STANDARD BOOK NUMBER
International Standard Book Number 080050013X
050 ## - LIBRARY OF CONGRESS CALL NUMBER
Classification number QD 261 Mon
100 ## - MAIN ENTRY--PERSONAL NAME
Personal name Monahan, Audrey Small
245 10 - TITLE STATEMENT
Title Experiments in organic chemistry
260 ## - PUBLICATION, DISTRIBUTION, ETC.
Place of publication, distribution, etc. Tarrytown-on-Hudson, N.Y.:
Name of publisher, distributor, etc. Bogden & Quigley
Date of publication, distribution, etc. [1971]
300 ## - PHYSICAL DESCRIPTION
Extent vii, 190 p.: ill.
350 ## - PRICE (NR) (BK AM CF MU VM SE) [OBSOLETE]
Price 0.00
500 ## - GENERAL NOTE
General note Includes bibliographies.
650 #0 - SUBJECT ADDED ENTRY--TOPICAL TERM
Topical term or geographic name entry element ORGANIC COMPOUNDS--SYNTHESIS
650 #0 - SUBJECT ADDED ENTRY--TOPICAL TERM
Topical term or geographic name entry element CHEMISTRY, ORGANIC--LABORATORY MANUALS
995 ## - RECOMMENDATION 995 [LOCAL, UNIMARC FRANCE]
-- 0.00
-- CBU-MAIN LIBRARY (Kitwe)
-- 1
-- 0.00
-- 1
-- AVAILABLE
-- Apr 16, 2008
-- Annex Low-Usage Collection
Holdings
Withdrawn status Lost status Source of classification or shelving scheme Damaged status Not for loan Home library Current library Shelving location Date acquired Total Checkouts Full call number Barcode Date last seen Price effective from Koha item type
          CBU-MAIN LIBRARY, KITWE. CBU-MAIN LIBRARY, KITWE.   11/30/2022   QD 261 Mon 56089 11/30/2022 11/30/2022 MONOGRAPH